000 00891nam0a22002771 4500
001 rc\4365796
005 20250612061841.0
021 _aRU
_b[63-64185]
035 _a(NLR Aleph) 008538271
090 _a8330959
_c8330959
100 _a20130416d1963 |||y0rusy50 ca
101 0 _arus
102 _aRU
105 _aag z |||||
200 1 _aСоветы молодым педагогам-вокалистам
205 _a[2-е изд., перераб. и доп.]
210 _aМосква
_cМузгиз
_d1963
215 _a87 с.
_cнот. ил.
_d22
225 1 _aВ помощь педагогу-музыканту
606 _aПение
_xМетодика преподавания
_2psbo
700 1 _aГолубев
_bП.В.
_gПавел Васильевич
801 0 _aRU
_bNLR
_gpsbo
801 1 _aRU
_bELAR
_2rusmarc
852 _aNLR
_j63-6/10429
942 _cBOOK
980 _aNB